000 00534nam a2200205 a 4500
999 _c6726
_d6726
001 6726
003 BD-JhCC
005 20180329181120.0
008 180129s1954 e |||| || | 00| 0 eng d
035 _a(BD-JhCC)6726
040 _aBD-JhCC
_dBD-JhCC
041 _aeng
082 _bPOE 1954
_a821
245 _aPoetry and Prose for Everyday Life /
_cC. F. D. May,(Editor)
260 _aLondon :
_bGeorge G. Harrap & Co. Ltd,
_c1954.
300 _a85 p. :
_c20 cm.
650 _aPoetry and Prose
942 _2ddc
_cBK